000 00400nam a22001217a 4500
003 SGT
082 _a200
_bS16S
100 _aशुक्ल, प्रयाग
245 _aसंगना : संगीत नाटक अकादमी का त्रैमासिक वृत्त
260 _bसंगीत नाटक अकादमी
_c2016
300 _a218
942 _2ddc
_cBK
999 _c31714
_d31714